Spell the Marvel Character #7 - Statistics

General Stats
  • This quiz has been taken 98 times
  • The average score is 14 of 19
Answer Stats
Picture Answer % Correct
Thing
100%
Black Panther
97%
Spider-Man
97%
Human Torch
96%
Invisible Woman
95%
Rocket Raccoon
95%
Okoye
94%
Mister Fantastic
92%
Elektra
88%
Nightcrawler
88%
Rogue
88%
Angel
86%
Rescue
78%
Namor the Sub-Mariner
73%
Nick Fury
73%
Union Jack
49%
Abigail Brand
16%
Marrina
16%
Energizer
14%
No matching quizzes found
Score Distribution
Percent of People with Each Score
Percentile by Number Answered
Your Score History
You have not taken this quiz